000 00434nam a2200157Ia 4500
008 240729s9999 xx 000 0 und d
022 _a2586-7024
245 0 _aKosin Medical Journal
260 _aKorea, Republic of
260 _bKosin University College of Medicine
650 _a Medicine (General)
650 _aMedicine
856 _uhttps://doaj.org/toc/bb4aea9ed0154667a2b853349cf556fe
942 _2ddc
942 _cDOAJEJ
999 _c73045
_d73045
945 _a1
_bMadushi Gamage
_c1
_dMadushi Gamage